| 000 | 00449nam a2200181Ia 4500 | ||
|---|---|---|---|
| 005 | 20250508155436.0 | ||
| 008 | 008 250505s9999 xx 000 0 rus d | ||
| 037 | _aBooks to be hide in OPAC | ||
| 040 |
_aFEDL _beng _cFEDL |
||
| 041 |
_arus _2eng |
||
| 084 | _qFEDL | ||
| 100 |
_aRein W _9345800 |
||
| 245 | 0 | _aEncyklopadisches handbuch der padagogik | |
| 260 | _c1904 | ||
| 300 | _aviii,999p. | ||
| 942 | _cHB | ||
| 999 |
_c1356915 _d1356915 |
||